မၢႆၵိုမ်းပီၵွၼ်းငိုၼ်းဝတ်ႉသီႇရိမင်ႇၵလႃႇသၢႆၶိူဝ်းဝဵင်းမိူင်းၵုတ်ႈ။ (Record no. 23813)

000 -LEADER
fixed length control field 01089nam a22002297a 4500
003 - CONTROL NUMBER IDENTIFIER
control field OSt
005 - DATE AND TIME OF LATEST TRANSACTION
control field 20260122195106.0
008 - FIXED-LENGTH DATA ELEMENTS--GENERAL INFORMATION
fixed length control field 230409b ||||| |||| 00| 0 eng d
040 ## - CATALOGING SOURCE
Transcribing agency SSBUL
041 ## - LANGUAGE CODE
Language code of text/sound track or separate title Shan
082 ## - DEWEY DECIMAL CLASSIFICATION NUMBER
Classification number 294.3657
Edition number 23
245 ## - TITLE STATEMENT
Title မၢႆၵိုမ်းပီၵွၼ်းငိုၼ်းဝတ်ႉသီႇရိမင်ႇၵလႃႇသၢႆၶိူဝ်းဝဵင်းမိူင်းၵုတ်ႈ။
Statement of responsibility, etc. ၸဝ်ႈသြႃႇၼၼ်ႇတဝမ်ႇသ ၶပ်းၶိုင်-
260 ## - PUBLICATION, DISTRIBUTION, ETC.
Place of publication, distribution, etc. တႃႈၵုင်း၊
Name of publisher, distributor, etc. ဢေး၊
Date of publication, distribution, etc. 2002
300 ## - PHYSICAL DESCRIPTION
Extent ၵ၊ 164 ၼႃႈ၊
Other physical details ႁၢင်ႈ၊
Dimensions 21 ၸိၼ်ႇထီႇ
500 ## - GENERAL NOTE
General note ပပ်ႉၸဝ်ႈတႃႇၼႁင်းၶေႃ တွၵ်ႉတိူဝ်ႇၸၢႆးဢွင်ႇထုၼ်း။
General note S-SAT: Dr. Prof Sai Aung Tun
650 ## - SUBJECT ADDED ENTRY--TOPICAL TERM
Topical term or geographic name entry element ဝတ်ႉမင်ႇၵလႃႇသၢႆၶိူဝ်းဝဵင်းမိူင်းၵုတ်ႈ
942 ## - ADDED ENTRY ELEMENTS (KOHA)
Koha item type Book (Short term)
650 ## - SUBJECT ADDED ENTRY--TOPICAL TERM
9 (RLIN) 22845
Source of classification or shelving scheme
Source of classification or shelving scheme
Source of classification or shelving scheme
Holdings
Withdrawn status Lost status Source of classification or shelving scheme Damaged status Not for loan Collection Code Permanent Location Current Location Shelving location Date acquired Total Checkouts Full call number Barcode Date last seen Copy number Price effective from Koha item type Accession
          Special Collections Shan State Buddhist University Library Shan State Buddhist University Library Special Collection Shelves 09/04/2023   294.3657 မၢႆ ႒႓႗႑ S-SAT SH00002371 09/04/2023 1 09/04/2023 Book (Short term) ႒႓႗႑ S-SAT
          Tai Collection Shan State Buddhist University Library Shan State Buddhist University Library Tai Shelves 18/09/2023   294.3657 မၢႆ ႒႘႒႒ SH00002822 18/09/2023 2 18/09/2023 Books (Long term) ႒႘႒႒
          Tai Collection Shan State Buddhist University Library Shan State Buddhist University Library Tai Shelves 06/10/2023   294.3657 မၢႆ ႒႗႑႖ SH00002716 06/10/2023 3 06/10/2023 Books (Long term) ႒႗႑႖

Library - 09407999929
Admin Office - 09407999979
Dean Office - 09250910768
Registrar Office - 09892297154
Email - [email protected]
Shan State Buddhist University, Phaya Phyu Taunggyi, Shan State, Myanmar.